| 000 | 00535nam a22001697a 4500 | ||
|---|---|---|---|
| 008 | 170909b xxu||||| |||| 00| 0 eng d | ||
| 020 | _a971-081-246-7 | ||
| 082 | _aDFil 425.07 G99g 1973 | ||
| 100 |
_922492 _aDe Guzman, Maria Odulio. |
||
| 245 |
_aGrammar and idioms self-taught/ _cWritten and published by Maria Udulio de Guzman. |
||
| 260 |
_aQuezon City: _bNational Book Store, _cc1973. |
||
| 300 |
_a347 pages; _c18 cm. |
||
| 500 | _aIncludes index. | ||
| 650 | 0 |
_922493 _aGrammar. |
|
| 650 | 0 |
_922494 _aIdioms. |
|
| 942 |
_2ddc _cDFIL |
||
| 999 |
_c7425 _d7425 |
||